Estatísticas para Países por Maior Elevação

Clique aqui para jogar o quiz

Estatísticas Gerais

  • Esse quiz foi jogado 3 094 vezes
  • A pontuação média é 14 de 20

Estatísticas das Respostas

MetrosPésPaís% Correto
884829,029China
95%
689322,615Chile
90%
564218,510Rússia
89%
858628,169Índia
88%
619120,322Estados Unidos
87%
884829,029Nepal
87%
595919,551Canadá
83%
676822,205Peru
82%
696022,835Argentina
80%
654221,463Bolívia
76%
570018,701Colômbia
75%
626720,561Equador
74%
757024,836Butão
70%
861128,251Paquistão
70%
701022,999Cazaquistão
62%
749224,580Afeganistão
59%
743924,406Quirguistão
52%
749524,590Tajiquistão
52%
588119,295Birmânia
34%
589219,331Tanzânia
29%

Distribuição das Pontuações

Percentil de Números Respondidos

Porcentagem de Pessoas com Cada Pontuação

Sua Pontuação Histórica

Você não jogou esse quiz